| 000 | 01079naa a22003137a 4500 | ||
|---|---|---|---|
| 001 | BR8804430 | ||
| 003 | BR-BrBNA | ||
| 005 | 20240918180256.0 | ||
| 007 | ta | ||
| 008 | 230509b bl.||||| |||| 00| 0 por d | ||
| 040 |
_aBR-BrBNA _bpor _cBiblioteca Nacional de Agricultura |
||
| 041 | _a(Pt) | ||
| 072 |
_aE70; D50 _b3580 |
||
| 090 | _aE70 BR8804430 | ||
| 100 | 1 | _aWarmling, I. | |
| 111 | 1 |
_a5. Simposio Nacional de Reproducao Animal _cBelo Horizonte, MG (Brazil) _d18-22 Jul 1983 |
|
| 245 | 1 | _aViabilidade de exportacao e restricoes a importacao de semen e embrioes | |
| 260 | 3 |
_aCampinas, SP (Brasil): _c1984. |
|
| 500 | _aAnais do 5. Simposio Nacional de Reproducao Animal Campinas, SP (Brasil): 1984. p. 207-236 (BR8804430-AM)E70 | ||
| 650 | _aSEMEN | ||
| 650 | _aEMBRIAO | ||
| 650 | _aCOMERCIO | ||
| 650 | _aDECRETO | ||
| 650 | _aLEI | ||
| 650 | _aINSPECAO SANITARIA | ||
| 773 | 0 |
_tAnais do 5. Simposio Nacional de Reproducao Animal _wE70 BR8804430 _gCampinas, SP (Brasil), 1984. p. 207-236 |
|
| 909 |
_a202404 _bLucia _c55 _dLucia Elande |
||
| 942 |
_cAM _2AGRIS |
||
| 999 |
_c319534 _d319534 |
||